000 00448nam a2200181Ia 4500
001 16225
005 20260306170254.0
008 260306t2012||||xx |||||||||||||| ||und||
041 _aESP
082 _a347.5
_bM84 2012
100 _aMontoya Manfredi, Ulises
_eAUT
245 0 _aComentarios a la ley de títulos valores
260 _c2012
300 _a1142 páginas :
_c24 cm.
650 _aGEN
654 _aCDE
942 _cLIB
_dJUS
_fJUS
_2ddc
_n
999 _c16225
_d16225